Protected cultivation in the mediterranean climate

Uloženo v:
Podrobná bibliografie
Korporativní autor: FAO (Autor)
Médium: Kniha
Jazyk:angličtina
Vydáno: Roma FAO 1990
Edice:FAO Plant Production and Protection Paper, 90
Témata:
Tagy: Přidat tag
Žádné tagy, Buďte první, kdo vytvoří štítek k tomuto záznamu!

MARC

LEADER 00000nam a2200000 a 4500
001 UCQ4653
003 CL-VaPUC
008 980910e19900000IT |||||||||||||||||eng|d
082 0 4 |a 631.583  |b FAO  |2 21 
110 2 |a FAO  |e author  |9 418820 
245 1 0 |a Protected cultivation in the mediterranean climate 
300 |a 313 p 
942 |c BK 
945 |d 19980910 00:00:00  |a mvenant 
260 |a Roma  |b FAO  |c 1990 
650 0 |a Cultivos en invernaderos  |9 404755 
650 7 |a TOMATE  |2 CL-VaPUC  |9 264158 
650 0 |a Pimentón (Capsicum annuum)  |9 327569 
650 7 |a MELON  |2 CL-VaPUC  |9 418821 
650 7 |a BERENJENA  |2 CL-VaPUC  |9 325629 
650 7 |a PEPINO  |2 CL-VaPUC  |9 401560 
650 0 |a Zapallo  |9 405907 
650 7 |a FRUTILLA  |2 CL-VaPUC  |9 259690 
650 7 |a LECHUGA  |2 CL-VaPUC  |9 362147 
650 7 |a POROTO  |2 CL-VaPUC  |9 417617 
650 7 |a SANDIA  |2 CL-VaPUC  |9 418822 
650 7 |a CLAVEL  |2 CL-VaPUC  |9 401555 
650 7 |a ROSA  |2 CL-VaPUC  |9 401644 
650 7 |a PLANTAS EN MACETAS  |2 CL-VaPUC  |9 418823 
650 7 |a PLATANO  |2 CL-VaPUC  |9 263083 
650 7 |a PIÑA  |2 CL-VaPUC  |9 418824 
650 7 |a PAPAYA  |2 CL-VaPUC  |9 264439 
650 7 |a CITRULLUS LANATUS  |2 CL-VaPUC  |9 418825 
650 7 |a MUSA ACUMINATA  |2 CL-VaPUC  |9 263085 
650 7 |a LYCOPERSICON ESCULENTUM  |2 CL-VaPUC  |9 264426 
650 7 |a CAPSICUM ANNUM  |2 CL-VaPUC  |9 327570 
650 7 |a CUCUMIS SATIVUS  |2 CL-VaPUC  |9 418826 
650 7 |a LACTUCA SATIVA  |2 CL-VaPUC  |9 418827 
650 0 |a Phaseolus vulgaris  |9 418828 
650 7 |a CARICA PUBECENS  |2 CL-VaPUC  |9 264440 
583 |a last modification  |c 19980910 00:00:00  |k Rodrigo Vera 
490 0 |a FAO Plant Production and Protection Paper, 90 
999 |c 274972  |d 274970 
952 |0 0  |1 0  |4 0  |6 631_583000000000000_FAO_1990  |7 0  |8 A  |9 311403  |a BIBAGR  |b BIBAGR  |d 2019-11-20  |i 3402843  |o 631.583 FAO 1990  |p 3402843  |r 2025-01-20  |w 2019-11-20  |y BK  |k AGR